000 01899cad a22002055a 4500
001 L143389
008 080501e20080423xxk f 000 0 eng d
035 _a(Sirsi) u143389
041 0 _aeng
245 0 0 _aFoxtons Ltd v Pelkey Bicknell and another
_h[electronic resource]
260 _c2008
520 _a[2008] EWCA Civ 419, 23 April 2008. Considered whether an estate agent had to show that they had introduced a party to the purchase of a property, not simply to existence of the property, in order to claim commission. The appellant (B) had employed the respondent agency (F) to arrange the sale of her house. F's terms of business stated that B would pay commission if sale was made while F was sole agent, or to a party who was introduced during this period. F introduced a prospective purchaser who arranged for another party (K) to view the house. K was uninterested. However at a later date another agency suggested the property to K, who was then of a different opinion. The judge held that the wording of F's contract entitled them to commission if a party they introduced went on the purchase the house "at any time". B appealed. "Held": B's interpretation of the term "purchaser" within the agreement was preferable. The facts showed no reason why F should be regarded as having introduced K to the purchase. K was uninterested upon F's introduction; several weeks had passed and another introduction made before she decided to purchase. Appeal allowed.
590 _aKA NTK
650 2 4 _aESTATE AGENTS (PROVISION OF INFORMATION) REGULATIONS 1991
651 4 _aUnited Kingdom
_y
690 _aPROPERTY-RESIDENTIAL PROPERTY-RESIDENTIAL PROPERTY AGENCY
690 _aPROPERTY-RESIDENTIAL PROPERTY-ACQUISITION AND DISPOSAL OF RESIDENTIAL PROPERTY
856 4 0 _uhttps://www.bailii.org/ew/cases/EWCA/Civ/2008/419.html
_zView the item free of charge at www.bailii.org...
942 _n0
999 _c80162
_d80162